Top Premier League Scorers of the 2010s - Statistics

General Stats
  • This quiz has been taken 370 times
  • The average score is 18 of 33
Answer Stats
Goals Club(s) Answer % Correct
143 Norwich City, Tottenham Hotspur Harry Kane
98%
180 Manchester City Sergio Agüero
98%
103 Leicester City Jamie Vardy
97%
102 Manchester United, Everton Wayne Rooney
91%
75 Chelsea, Liverpool Mohamed Salah
87%
86 Liverpool, Manchester City Raheem Sterling
85%
96 Arsenal, Manchester United Robin van Persie
85%
84 Southampton, Liverpool Sadio Mane
84%
113 West Bromwich Albion, Everton, Manchester United, Chelsea Romelu Lukaku
81%
53 Tottenham Hotspur Son Heung-min
73%
85 Chelsea Eden Hazard
64%
57 Liverpool Roberto Firmino
61%
69 Liverpool Luis Suarez
58%
57 Leicester City, Manchester City Riyad Mahrez
58%
86 Arsenal, Chelsea Olivier Giroud
57%
60 Manchester City David Silva
54%
63 Arsenal, Manchester United Alexis Sanchez
49%
72 Aston Villa, Liverpool, Crystal Palace Christian Benteke
49%
52 Chelsea Diego Costa
48%
65 Tottenham Hotspur, Sunderland, Bournemouth Jermain Defoe
48%
71 Manchester City, Chelsea, Bolton Wanderers, Liverpool Daniel Sturridge
47%
54 Arsenal Pierre-Emerick Aubameyang
46%
50 Manchester City Edin Dzeko
40%
51 Chelsea, Manchester United Juan Mata
38%
66 Arsenal, Everton Theo Walcott
36%
50 Newcastle United, Liverpool, West Ham United Andy Carroll
34%
59 Manchester City Yaya Toure
34%
50 Tottenham Hotspur Dele Alli
29%
61 Swansea City, Tottenham Hotspur, Everton Gylfi Sigurdsson
28%
51 Manchester United Anthony Martial
25%
51 Tottenham Hotspur Christian Eriksen
24%
53 Manchester United, West Ham United Javier Hernandez
17%
50 West Bromwich Albion, Hull City, Southampton Shane Long
10%
No matching quizzes found
Score Distribution
Percent of People with Each Score
Percentile by Number Answered
Your Score History
You have not taken this quiz